000 00408 a2200145 4500
005 20250522095833.0
020 _a0 304 31568 0
082 _a658.54 WIL
100 _aWILD, R.
245 _aProduction and Operations Management : Principles and Techniques.
250 _a3rd Ed
260 _aLondon,
_bCassell Education,
_c1986.
300 _aviii, 747p.: ill.; figure, table
_bIndex
_c24cm.
942 _2ddc
_cBKS
999 _c2503
_d2503